000 00544nam a2200205Ia 4500
005 20240705092218.0
008 131103s9999 xx 000 0 und d
020 _a8185392501
_cRs.35
040 _aLoreto College
041 _aEnglish
082 _a808.5
_bJON
100 _aJones, Daniel
245 4 _aThe pronunciation of english
_cDaniel Jones
260 _aNew Delhi
_bUniversal Book Stall
_c1992
300 _axxiv,223 p.
_b ill.
504 _aIncludes appendix
650 _aEnglish Pronunciation
850 _aLCBED
942 _cBK
999 _c29528
_d80007